Most Key strokes - 15 second sprint - Statistics

General Stats
  • This quiz has been taken 700 times
  • The average score is 86 of 160
Answer Stats
Answer % Correct
H
100%
I
91%
H
89%
H
89%
I
89%
I
88%
H
87%
I
87%
H
86%
H
85%
I
85%
H
84%
I
84%
H
83%
I
83%
H
82%
H
82%
I
82%
I
82%
H
81%
I
81%
I
81%
H
80%
I
80%
H
79%
H
79%
H
79%
I
79%
I
79%
I
79%
H
78%
H
78%
H
78%
H
78%
H
78%
I
78%
I
78%
I
78%
I
78%
I
78%
H
77%
H
76%
I
76%
H
75%
H
75%
H
75%
I
75%
I
75%
I
75%
I
75%
H
74%
H
74%
I
74%
H
73%
I
73%
I
72%
H
71%
H
70%
I
70%
H
69%
I
69%
H
68%
I
68%
I
68%
H
67%
H
66%
H
66%
I
66%
I
66%
H
65%
I
65%
I
65%
H
64%
H
63%
I
63%
I
62%
H
61%
H
60%
I
60%
I
60%
H
59%
H
59%
I
59%
H
58%
I
58%
H
57%
I
57%
I
55%
H
54%
I
54%
H
53%
I
51%
H
50%
H
50%
I
50%
I
50%
H
49%
I
49%
H
48%
I
47%
H
46%
I
46%
H
44%
I
43%
H
42%
H
41%
I
41%
I
41%
H
40%
H
39%
I
39%
I
39%
H
38%
I
37%
H
36%
H
35%
I
35%
H
34%
I
34%
I
33%
H
32%
I
31%
H
30%
H
29%
I
29%
I
28%
H
27%
I
27%
H
26%
I
26%
H
25%
H
25%
I
25%
I
24%
H
23%
I
22%
H
21%
I
21%
H
20%
I
20%
H
19%
H
18%
I
18%
I
17%
H
15%
H
14%
I
14%
H
12%
I
12%
I
12%
H
11%
I
11%
H
10%
I
9%
H
8%
I
8%
H
7%
H
7%
I
7%
I
6%
No matching quizzes found
Score Distribution
Percent of People with Each Score
Percentile by Number Answered
Your Score History
You have not taken this quiz